000 00217nam a22000857a 4500
008 170620b xxu||||| |||| 00| 0 eng d
100 _93583
_aNational Book
245 _aNehru and Azadon 1857
260 _aNew Delhi
_bNBT
_c2008
999 _c6969
_d6969